| 000 | 01425nam a2200409 c 4500 | ||
|---|---|---|---|
| 999 |
_c51088 _d51088 |
||
| 001 | 51088 | ||
| 003 | ES-MaCES | ||
| 005 | 20190114141937.0 | ||
| 007 | cr ||||||||||| | ||
| 008 | 190114s2018 sp r o000 ||spa d | ||
| 017 |
_aM 32145-2018 _bDL |
||
| 020 | _a9788415722984 | ||
| 020 | _a9788415722991 | ||
| 040 |
_aES-MaCES _bspa _cES-MaCES |
||
| 245 | 0 | 3 |
_aEl gobierno de la globalización _hRecurso electrónico _b: a propósito del 70 aniversario del GATT _cJosé Antonio Martínez Serrano (coord.) |
| 260 |
_aMadrid _bFUNCAS _c[2018] |
||
| 300 | _a1 documento pdf (4,15 mb) | ||
| 504 | _aBibliografía | ||
| 541 | _cGratuito | ||
| 650 | 4 |
_aglobalización económica _930653 |
|
| 650 | 4 |
_acomercio internacional _927958 |
|
| 650 | 4 |
_apolítica de comercio internacional _927989 |
|
| 650 | 4 |
_arelaciones comerciales _927965 |
|
| 650 | 4 |
_apromoción de exportaciones _927985 |
|
| 650 | 4 |
_ainversiones extranjeras _928175 |
|
| 650 | 4 |
_aGATT _926712 |
|
| 650 | 4 |
_aOMC _930625 |
|
| 650 | 4 |
_aEspaña _926964 |
|
| 650 | 7 |
_aevaluación del impacto _930732 |
|
| 650 | 7 |
_a1960-2017 _939422 |
|
| 653 | 1 | 0 | _aComercio internacional |
| 700 | 1 |
_aMartínez Serrano, José Antonio _917923 _ecoord. |
|
| 710 | 2 |
_aFundación de las Cajas de Ahorros _eed. _93800 |
|
| 856 | 4 |
_uhttp://biblioteca.ces.es/repintra/B51088.pdf _ytexto completo _z[intranet] |
|
| 902 | _aELE PUB. ELECTRONICA | ||
| 942 |
_2CES _cBK _h0.0. |
||